| 000 | 00000nam##2200000za#4500 |
| 001 | 9.641652 |
| 003 | CaOODSP |
| 005 | 20210624223324 |
| 007 | cr ||||||||||| |
| 008 | 150407|1992||||xxc|||||o f|0| 0 fre|d |
| 040 | |aCaOODSP|bfre |
| 043 | |an-cn--- |
| 086 | 1 |aE94-29/9-1F-PDF |
| 110 | 1 |aCanada.|bAgence canadienne de développement international. |
| 245 | 13|aLa politique environnementale de l'ACDI en matière de développement durable |h[ressource électronique] |
| 260 | |aOttawa - Ontario : |bAgence canadienne de développement international |c1992, c1995. |
| 300 | |a15p.|bphotographies |
| 500 | |aLe n° de cat. (E94-29/9-1) et l'ISBN (0-662-59242-5) de l'édition imprimée biligue ont été incorrectement copiés dans l'édition pdf. |
| 590 | |a13-11-Supp|b2013-04-26 |
| 691 | 07|aGestion de l'environnement|2gcpds |
| 775 | 08|tCIDA's policy for environmental sustainability |w(CaOODSP)9.697619 |
| 776 | 0#|tCIDA's policy for environmental sustainability / |w(CaOODSP)9.653297 |
| 776 | 0#|tLa politique environnementale de l'ACDI en matière de développement durable / |w(CaOODSP)9.653298 |
| 856 | 40|ahttp://publications.gc.ca|qPDF|s1472 Ko|uhttps://publications.gc.ca/collections/collection_2013/acdi-cida/E94-29-9-1-fra.pdf |